| 000 | 01203nam a2200217 i 4500 | ||
|---|---|---|---|
| 001 | 170820 | ||
| 003 | ES-MaACL | ||
| 005 | 20250808062746.0 | ||
| 008 | 090408s1955 sp |||| | spa d | ||
| 100 | 0 |
_aBernardo, _cSanto, _d1090?-1153 _928290 |
|
| 245 | 1 | 0 |
_aObras completas de San Bernardo. _nII (último) / _cedición española preparada por Gregorio Díez Ramos. |
| 260 |
_aMadrid : _bLa Editorial Católica, _c1955. |
||
| 300 |
_aXIV, 1260 p. ; _c20 cm. |
||
| 490 | 1 |
_aBiblioteca de autores cristianos ; _v130 |
|
| 505 | 8 | _aContiene: Sermones sobre el Cantar de los Cantares ; Sobre la consideración ; De las costumbres y oficios de los obispos ; Sobre la conversión ; Del amor de Dios ; Del precepto y de la dispensa ; Apología ; De la excelencia de la Nueva Milicia ; De los grados de la humildad y de la soberbia ; De la gracia y del libre albedrío ; Sobre algunas cuestiones propuestas por Hugo de San Víctor ; Contra los errores de Pedro Abelardo ; Vida de San Malaquías ; Cartas | |
| 650 | 0 | 7 |
_aReligión _2embne _916797 |
| 700 | 1 |
_aDíez Ramos, Gregorio. _944762 |
|
| 830 | 0 | 0 |
_aBiblioteca de autores cristianos _v130 _9178679 |
| 852 |
_aES-MaACL _jJ-128 |
||
| 999 |
_c170820 _d170820 |
||